| 000 | 00941nam a22002897a 4500 | ||
|---|---|---|---|
| 001 | 4961 | ||
| 003 | FISKH | ||
| 005 | 20241028152620.0 | ||
| 008 | 241028b cb ||||| |||| 00| 0 eng d | ||
| 020 | _a9780823418008 | ||
| 040 |
_aFISKH _beng _cFISKH _dFISKH |
||
| 050 | _aPZ7.R88525 | ||
| 082 | _a514 | ||
| 100 |
_aRuelle, gray karen _d(1993-) |
||
| 245 |
_aEasy as apple pie / _cby Karen Gray Ruelle |
||
| 250 | _a2002 | ||
| 260 |
_aNew York : _bHoliday House, _c2002. |
||
| 300 |
_a32 pages : _bColor illustrations ; _c23 cm |
||
| 505 | _aL | ||
| 520 | _aEmily says "Yuck" whenever apples are mentioned, but when she and her older brother, Harry, sleep over at their grandparents' house, they all pick apples and make them into delicious pies. | ||
| 521 | 8 |
_a510L
_bLexile |
|
| 521 | 8 |
_aL
_bRaz-Plus |
|
| 650 |
_2Apples _aSleepovers _vCats |
||
| 650 |
_2Chapter book _aEarly reader |
||
| 942 |
_2ddc _cBK _n0 |
||
| 999 |
_c4961 _d4961 |
||